[Event "DVM U16 2019"]
[Site "Magdeburg GER"]
[Date "2019.12.30"]
[Round "7"]
[White "Prieb, Robert"]
[Black "Schäfer, Konstantin"]
[Result "1/2-1/2"]
[Termination "normal"]
[Board "2.4"]
[WhiteTitle "CM"]
[WhiteElo "1963"]
[BlackElo "1766"]
[WhiteClock "00:02:52"]
[BlackClock "00:04:22"]
[WhiteTeam "Schachgesellschaft Bochum 1931"]
[BlackTeam "Schachgemeinschaft Leipzig"]
[PlyCount "152"]
[WhiteFideId "16212002"]
[BlackFideId "16240510"]
[EventCountry "GER"]
[EventRounds "7"]
[EventType "team-swiss"]
[EventDate "2019.12.26"]

1. d4 {[%clk 1:30:54]} Nf6 {[%clk 1:30:57]} 2. c4 {[%clk 1:31:16]} c5 {[%clk
1:31:24]} 3. d5 {[%clk 1:31:33]} b5 {[%clk 1:31:46]} 4. Nd2 {[%clk 1:31:49]} e6
{[%clk 1:10:31]} 5. dxe6 {[%clk 1:21:01]} fxe6 {[%clk 1:10:47]} 6. e3 {[%clk
1:19:25]} bxc4 {[%clk 1:08:19]} 7. Bxc4 {[%clk 1:19:07]} d5 {[%clk 1:08:35]} 8.
Be2 {[%clk 1:14:10]} Be7 {[%clk 1:07:06]} 9. Ngf3 {[%clk 1:13:24]} O-O {[%clk
1:06:18]} 10. O-O {[%clk 1:12:18]} Nc6 {[%clk 1:05:33]} 11. b3 {[%clk 1:08:57]}
Qa5 {[%clk 0:51:34]} 12. Bb2 {[%clk 1:06:32]} Bd7 {[%clk 0:30:10]} 13. Ne5
{[%clk 1:01:30]} Nxe5 {[%clk 0:30:20]} 14. Bxe5 {[%clk 1:01:55]} Qb6 {[%clk
0:28:06]} 15. Qc2 {[%clk 1:00:00]} Bb5 {[%clk 0:26:26]} 16. Bxb5 {[%clk
0:57:12]} Qxb5 {[%clk 0:26:52]} 17. Rfd1 {[%clk 0:56:04]} Ng4 {[%clk 0:25:49]}
18. Bg3 {[%clk 0:55:19]} Bf6 {[%clk 0:17:19]} 19. Rac1 {[%clk 0:52:14]} Rfc8
{[%clk 0:10:25]} 20. Nf3 {[%clk 0:49:07]} Nh6 {[%clk 0:09:03]} 21. Bd6 {[%clk
0:43:26]} Rc6 {[%clk 0:09:01]} 22. Bxc5 {[%clk 0:36:56]} Rac8 {[%clk 0:08:50]}
23. b4 {[%clk 0:36:20]} Qxb4 {[%clk 0:09:01]} 24. Bxb4 {[%clk 0:36:03]} Rxc2
{[%clk 0:09:26]} 25. Rxc2 {[%clk 0:30:53]} Rxc2 {[%clk 0:09:46]} 26. a4 {[%clk
0:29:07]} Ra2 {[%clk 0:09:57]} 27. a5 {[%clk 0:28:50]} Nf7 {[%clk 0:04:09]} 28.
Rc1 {[%clk 0:25:59]} Ra1 {[%clk 0:02:09]} 29. Rxa1 {[%clk 0:24:00]} Bxa1 {[%clk
0:02:30]} 30. a6 {[%clk 0:15:40]} Nd8 {[%clk 0:02:33]} 31. Bc5 {[%clk 0:15:12]}
Nc6 {[%clk 0:02:56]} 32. Ng5 {[%clk 0:13:44]} e5 {[%clk 0:01:45]} 33. Ne6
{[%clk 0:13:27]} d4 {[%clk 0:01:15]} 34. Nc7 {[%clk 0:04:54]} d3 {[%clk
0:01:11]} 35. Kf1 {[%clk 0:05:13]} Bc3 {[%clk 0:01:34]} 36. Nb5 {[%clk
0:04:38]} Bb4 {[%clk 0:00:39]} 37. Bxb4 {[%clk 0:02:41]} Nxb4 {[%clk 0:01:04]}
38. Nxa7 {[%clk 0:02:55]} Nxa6 {[%clk 0:01:29]} 39. Nc6 {[%clk 0:01:14]} e4
{[%clk 0:01:38]} 40. f3 {[%clk 0:00:52]} Nc5 {[%clk 0:01:35]} 41. Ke1 {[%clk
0:27:33]} Kf7 {[%clk 0:20:35]} 42. fxe4 {[%clk 0:25:48]} Nxe4 {[%clk 0:20:57]}
43. Ne5+ {[%clk 0:26:08]} Ke6 {[%clk 0:21:18]} 44. Nxd3 {[%clk 0:26:31]} g5
{[%clk 0:21:42]} 45. Ke2 {[%clk 0:26:00]} Kf5 {[%clk 0:21:23]} 46. Nf2 {[%clk
0:24:06]} Nc5 {[%clk 0:21:38]} 47. Kf3 {[%clk 0:23:13]} h5 {[%clk 0:20:52]} 48.
e4+ {[%clk 0:22:47]} Ke5 {[%clk 0:21:08]} 49. Ke3 {[%clk 0:22:43]} Ne6 {[%clk
0:20:56]} 50. Nd3+ {[%clk 0:22:41]} Kf6 {[%clk 0:19:56]} 51. g3 {[%clk
0:19:48]} Kg6 {[%clk 0:16:18]} 52. Ne5+ {[%clk 0:17:15]} Kf6 {[%clk 0:15:04]}
53. Nf3 {[%clk 0:17:16]} Kg6 {[%clk 0:14:52]} 54. Nd4 {[%clk 0:16:23]} Nc5
{[%clk 0:15:11]} 55. e5 {[%clk 0:15:40]} Kf7 {[%clk 0:08:29]} 56. Nf3 {[%clk
0:14:08]} Ke6 {[%clk 0:07:46]} 57. Kd4 {[%clk 0:11:37]} Nb3+ {[%clk 0:08:07]}
58. Kc3 Na5 {[%clk 0:07:41]} 59. Kd4 {[%clk 0:10:11]} Nb3+ {[%clk 0:08:04]} 60.
Ke3 {[%clk 0:10:15]} Nc5 61. Nxg5+ {[%clk 0:10:08]} Kxe5 {[%clk 0:08:24]} 62.
Kf3 {[%clk 0:09:28]} Kf5 {[%clk 0:08:43]} 63. Nf7 {[%clk 0:09:12]} Ke6 {[%clk
0:06:50]} 64. Ng5+ {[%clk 0:08:24]} Kf5 {[%clk 0:07:11]} 65. Nh3 {[%clk
0:08:49]} Nd7 {[%clk 0:07:09]} 66. Nf2 {[%clk 0:07:39]} Ne5+ {[%clk 0:07:14]}
67. Kg2 {[%clk 0:07:34]} Nf7 {[%clk 0:07:02]} 68. h3 {[%clk 0:06:06]} Ne5
{[%clk 0:06:02]} 69. Nd1 {[%clk 0:05:28]} Nc4 {[%clk 0:05:47]} 70. Kf2 {[%clk
0:04:45]} Nd6 {[%clk 0:04:37]} 71. Kf3 {[%clk 0:04:08]} Nf7 {[%clk 0:04:52]}
72. Ne3+ {[%clk 0:04:06]} Ke5 {[%clk 0:04:18]} 73. Nc4+ {[%clk 0:03:01]} Kf5
{[%clk 0:04:36]} 74. Nd2 {[%clk 0:03:10]} Ne5+ {[%clk 0:04:43]} 75. Ke3 {[%clk
0:02:52]} Ng4+ {[%clk 0:04:22]} 76. Ke4+ Ke5+ 1/2-1/2

[Event "DVM U16 2019"]
[Site "Magdeburg GER"]
[Date "2019.12.30"]
[Round "7"]
[White "Bethke, Robert"]
[Black "Kotyk, Michael"]
[Result "1/2-1/2"]
[Termination "normal"]
[Board "3.2"]
[WhiteElo "2046"]
[BlackElo "2103"]
[WhiteTeam "SF Neuberg"]
[BlackTeam "Hamburger SK"]
[PlyCount "61"]
[WhiteFideId "12959251"]
[BlackFideId "16214501"]
[EventCountry "GER"]
[EventRounds "7"]
[EventType "team-swiss"]
[EventDate "2019.12.26"]

1. c4 c5 2. Nc3 Nc6 3. g3 g6 4. Bg2 Bg7 5. Nf3 e5 6. d3 d6 7. a3 a5 8. Bd2 Nge7
9. Rb1 Rb8 10. e4 O-O 11. Nb5 f5 12. exf5 Bxf5 13. Be3 Nd4 14. Nbxd4 cxd4 15.
Bg5 b5 16. Nh4 bxc4 17. Nxf5 Rxf5 18. Bxe7 Qxe7 19. Bd5+ Kh8 20. dxc4 e4 21.
O-O e3 22. Qe2 exf2+ 23. Rxf2 Qe3 24. Qxe3 dxe3 25. Rxf5 gxf5 26. b4 e2 27. Re1
axb4 28. axb4 Rxb4 29. Rxe2 Be5 30. Kg2 Kg7 31. Rf2 1/2-1/2

[Event "DVM U16 2019"]
[Site "Magdeburg GER"]
[Date "2019.12.30"]
[Round "7"]
[White "Grabbel, Lennart Christian"]
[Black "Baranyai-Molnar, Adam-Kristof"]
[Result "1-0"]
[Termination "normal"]
[Board "3.3"]
[WhiteElo "1849"]
[BlackElo "1756"]
[WhiteClock "00:46:17"]
[BlackClock "00:23:44"]
[WhiteTeam "Hamburger SK"]
[BlackTeam "SF Neuberg"]
[PlyCount "73"]
[WhiteFideId "16201620"]
[BlackFideId "768022"]
[EventCountry "GER"]
[EventRounds "7"]
[EventType "team-swiss"]
[EventDate "2019.12.26"]

1. d4 {[%clk 1:30:59]} d5 {[%clk 1:30:56]} 2. c4 {[%clk 1:31:26]} e5 {[%clk
1:31:23]} 3. dxe5 {[%clk 1:31:52]} d4 {[%clk 1:31:51]} 4. Nf3 {[%clk 1:32:18]}
Nc6 {[%clk 1:32:18]} 5. a3 {[%clk 1:32:45]} Nge7 {[%clk 1:32:45]} 6. e3 {[%clk
1:31:11]} Bg4 {[%clk 1:31:49]} 7. Be2 {[%clk 1:29:56]} Bxf3 {[%clk 1:30:26]} 8.
Bxf3 {[%clk 1:30:20]} Nxe5 {[%clk 1:30:53]} 9. Bxb7 {[%clk 1:29:18]} Rb8 {[%clk
1:31:11]} 10. exd4 {[%clk 1:26:46]} Rxb7 {[%clk 1:31:23]} 11. dxe5 {[%clk
1:27:11]} Qxd1+ {[%clk 1:31:49]} 12. Kxd1 {[%clk 1:27:34]} Nc6 {[%clk 1:31:28]}
13. Re1 {[%clk 1:25:53]} Bc5 {[%clk 1:31:44]} 14. f4 {[%clk 1:25:41]} a5 {[%clk
1:31:17]} 15. Nc3 {[%clk 1:24:59]} O-O {[%clk 1:31:27]} 16. Ne2 {[%clk
1:22:27]} a4 {[%clk 1:29:57]} 17. Kc2 {[%clk 1:21:41]} Na5 {[%clk 1:29:18]} 18.
Nc3 {[%clk 1:19:57]} Bd4 {[%clk 1:26:22]} 19. Nxa4 {[%clk 1:18:54]} Nxc4 {[%clk
1:24:56]} 20. Nc3 {[%clk 1:19:15]} c5 {[%clk 1:24:46]} 21. Ra2 {[%clk 0:59:06]}
Rfb8 {[%clk 1:24:18]} 22. Re4 {[%clk 0:58:53]} Rb3 {[%clk 1:12:58]} 23. Ne2
{[%clk 0:53:58]} Na5 {[%clk 0:55:46]} 24. Nxd4 {[%clk 0:52:04]} cxd4 {[%clk
0:56:12]} 25. Rxd4 {[%clk 0:52:30]} R3b6 {[%clk 0:56:37]} 26. Bd2 {[%clk
0:52:05]} Rc8+ {[%clk 0:55:45]} 27. Bc3 {[%clk 0:52:18]} Rh6 {[%clk 0:55:49]}
28. h3 {[%clk 0:50:59]} Nc4 {[%clk 0:55:56]} 29. Kd3 {[%clk 0:50:12]} Nb6
{[%clk 0:51:50]} 30. a4 {[%clk 0:49:43]} Rg6 {[%clk 0:51:30]} 31. a5 {[%clk
0:50:07]} Rg3+ {[%clk 0:51:43]} 32. Ke2 {[%clk 0:49:42]} Nc4 {[%clk 0:38:06]}
33. Kf2 {[%clk 0:50:05]} Rg6 {[%clk 0:27:18]} 34. Be1 {[%clk 0:45:53]} Ra6
{[%clk 0:23:36]} 35. b3 {[%clk 0:46:02]} Nb6 {[%clk 0:23:39]} 36. Rd6 {[%clk
0:46:26]} Rca8 {[%clk 0:23:44]} 37. Rad2 {[%clk 0:46:17]} 1-0

[Event "DVM U16 2019"]
[Site "Magdeburg GER"]
[Date "2019.12.30"]
[Round "7"]
[White "Lohvinov, Petro"]
[Black "Pahl, Theis"]
[Result "1/2-1/2"]
[Termination "normal"]
[Board "4.2"]
[WhiteElo "2032"]
[BlackElo "2022"]
[WhiteTeam "SK München Südost"]
[BlackTeam "Delmenhorster SK V 1931"]
[PlyCount "86"]
[WhiteFideId "14176661"]
[BlackFideId "16201264"]
[EventCountry "GER"]
[EventRounds "7"]
[EventType "team-swiss"]
[EventDate "2019.12.26"]

1. e4 c5 2. Nf3 d6 3. d4 cxd4 4. Nxd4 Nf6 5. Nc3 a6 6. Be3 e5 7. Nb3 Be6 8. f3
h5 9. Qd2 Nbd7 10. Nd5 Bxd5 11. exd5 g6 12. O-O-O Nb6 13. Kb1 Qc7 14. Qa5 Rc8
15. c3 Nfd7 16. f4 Nc4 17. Qxc7 Rxc7 18. Bxc4 Rxc4 19. fxe5 Nxe5 20. Bd4 Bg7
21. Nd2 Rc7 22. Ne4 Ke7 23. Rhe1 f5 24. Ng5 Kf6 25. Ne6 Re7 26. Bb6 Rd7 27. Re2
Kf7 28. Nxg7 Kxg7 29. Bd4 Kf6 30. Rde1 Re8 31. c4 Rc8 32. c5 Kg5 33. cxd6 Nc4
34. Re7 Rxd6 35. Rxb7 Rxd5 36. Bc3 Na3+ 37. Kc1 Nb5 38. Rb6 Nxc3 39. bxc3 Rxc3+
40. Kb2 Rdc5 41. Ree6 Rc2+ 42. Kb1 Rc1+ 43. Kb2 R1c2+ 1/2-1/2

[Event "DVM U16 2019"]
[Site "Magdeburg GER"]
[Date "2019.12.30"]
[Round "7"]
[White "Alhamid, Mohamad"]
[Black "Costa, Leonardo"]
[Result "1/2-1/2"]
[Termination "normal"]
[Board "4.3"]
[WhiteElo "1688"]
[BlackElo "2048"]
[WhiteTeam "Delmenhorster SK V 1931"]
[BlackTeam "SK München Südost"]
[PlyCount "71"]
[WhiteFideId "16235665"]
[BlackFideId "16213955"]
[EventCountry "GER"]
[EventRounds "7"]
[EventType "team-swiss"]
[EventDate "2019.12.26"]

1. e4 e5 2. Nf3 Nc6 3. Bc4 Bc5 4. c3 Nf6 5. d3 d6 6. Bb3 a6 7. O-O Ba7 8. Nbd2
O-O 9. h3 Be6 10. Re1 Bxb3 11. axb3 Re8 12. Nf1 d5 13. Ng3 dxe4 14. dxe4 Qxd1
15. Rxd1 h6 16. Re1 Rad8 17. Be3 Bxe3 18. Rxe3 Rd7 19. Ree1 Red8 20. Kf1 Kf8
21. Ke2 g6 22. Red1 a5 23. Rxd7 Rxd7 24. Rd1 Rxd1 25. Kxd1 Ke7 26. Nd2 Ke6 27.
f3 Nh5 28. Nxh5 gxh5 29. h4 Ne7 30. Nc4 b6 31. Ne3 b5 32. Ke2 f6 33. Kd3 c6 34.
c4 Kd6 35. Nf5+ Nxf5 36. exf5 1/2-1/2

[Event "DVM U16 2019"]
[Site "Magdeburg GER"]
[Date "2019.12.30"]
[Round "7"]
[White "Burian, Simon"]
[Black "Yi, Danny"]
[Result "1/2-1/2"]
[Termination "normal"]
[Board "5.1"]
[WhiteElo "2149"]
[BlackElo "2182"]
[WhiteTeam "Schachklub König Plauen"]
[BlackTeam "SF 59 Kornwestheim"]
[PlyCount "48"]
[WhiteFideId "12956902"]
[BlackFideId "12988588"]
[EventCountry "GER"]
[EventRounds "7"]
[EventType "team-swiss"]
[EventDate "2019.12.26"]

1. e4 e5 2. Bc4 Nc6 3. Nf3 Bc5 4. b4 Bb6 5. O-O d6 6. b5 Na5 7. Be2 Nf6 8. d3
h6 9. Nbd2 O-O 10. c3 Re8 11. Qc2 c6 12. d4 exd4 13. cxd4 Bg4 14. Bb2 Rc8 15.
e5 dxe5 16. dxe5 Nd5 17. Qa4 Bf5 18. Rfc1 cxb5 19. Bxb5 Re7 20. Ne4 a6 21. Rxc8
Qxc8 22. Bd3 Qd7 23. Qxd7 Bxd7 24. Ba3 Re8 1/2-1/2

[Event "DVM U16 2019"]
[Site "Magdeburg GER"]
[Date "2019.12.30"]
[Round "7"]
[White "Hörkner, Nico"]
[Black "Kluge, Malte"]
[Result "1-0"]
[Termination "normal"]
[Board "5.3"]
[WhiteElo "1699"]
[BlackElo "1679"]
[WhiteTeam "Schachklub König Plauen"]
[BlackTeam "SF 59 Kornwestheim"]
[PlyCount "109"]
[WhiteFideId "12974900"]
[BlackFideId "16243838"]
[EventCountry "GER"]
[EventRounds "7"]
[EventType "team-swiss"]
[EventDate "2019.12.26"]

1. Nf3 Nf6 2. g3 g6 3. Bg2 Bg7 4. O-O O-O 5. c4 d5 6. d4 Nc6 7. e3 Re8 8. Nc3
Bg4 9. h3 Bxf3 10. Bxf3 e6 11. Qa4 Qd7 12. Bg2 Rad8 13. cxd5 Nxd5 14. Nxd5 exd5
15. Qd1 Re7 16. Bd2 a6 17. b4 Qd6 18. Qb3 Ree8 19. Rac1 Bf8 20. a3 Rd7 21. Rc2
Bg7 22. Rfc1 Rc8 23. Be1 Bxd4 24. Rxc6 bxc6 25. exd4 Re8 26. Bd2 Qf6 27. Be3
Rde7 28. Qd3 Ra8 29. Rc5 Re6 30. Qc2 Rae8 31. Qd3 Ra8 32. Ra5 Qf5 33. Qxf5 gxf5
34. h4 Kg7 35. Bf1 Rg6 36. Bd3 Kf6 37. Bf4 Rag8 38. Rxa6 Ke7 39. Ra7 Kd8 40.
Bxf5 Rf6 41. Ra8+ Ke7 42. Rxg8 Rxf5 43. Rc8 h5 44. a4 Kd7 45. Rxc7+ Kd8 46.
Rxc6 f6 47. a5 Kd7 48. Rc5 Rxf4 49. gxf4 Ke6 50. a6 Kf5 51. a7 Kxf4 52. a8=Q
Kg4 53. Rxd5 Kxh4 54. Qg8 f5 55. Qg3# 1-0

[Event "DVM U16 2019"]
[Site "Magdeburg GER"]
[Date "2019.12.30"]
[Round "7"]
[White "Afonso, Phil"]
[Black "Melitzki, Richard"]
[Result "0-1"]
[Termination "normal"]
[Board "5.4"]
[WhiteElo "1650"]
[BlackElo "1403"]
[WhiteTeam "SF 59 Kornwestheim"]
[BlackTeam "Schachklub König Plauen"]
[PlyCount "71"]
[WhiteFideId "16207475"]
[BlackFideId "16223420"]
[EventCountry "GER"]
[EventRounds "7"]
[EventType "team-swiss"]
[EventDate "2019.12.26"]

1. d4 Nf6 2. c4 g6 3. Nc3 Bg7 4. e4 d6 5. f3 O-O 6. Bg5 c5 7. d5 e6 8. Qd2 exd5
9. cxd5 Nbd7 10. Nh3 Re8 11. Be2 a6 12. a4 Qc7 13. O-O Rb8 14. Nf2 Ne5 15. Rfc1
c4 16. a5 b5 17. axb6 Qxb6 18. Ncd1 Qc7 19. Qc2 Bd7 20. Rxa6 Bb5 21. Ra3 Rec8
22. Be3 Rb7 23. Bd4 Nfd7 24. Qd2 Nc5 25. Bxe5 Bxe5 26. Bxc4 Na4 27. b3 Nb6 28.
f4 Bg7 29. Ne3 Nxc4 30. bxc4 Qc5 31. Rb3 Ra8 32. Rxb5 Qa3 33. Rcb1 Rba7 34.
Nfd1 h6 35. R5b3 Qa1 36. Nc2 1-0

[Event "DVM U16 2019"]
[Site "Magdeburg GER"]
[Date "2019.12.30"]
[Round "7"]
[White "Krastev, Alexander"]
[Black "Kamp, Adrian"]
[Result "1/2-1/2"]
[Termination "normal"]
[Board "6.1"]
[WhiteTitle "FM"]
[WhiteElo "2323"]
[BlackElo "1884"]
[WhiteTeam "Biebertaler Schachfreunde"]
[BlackTeam "Schachklub Münster 32 e. V."]
[PlyCount "95"]
[WhiteFideId "12989983"]
[BlackFideId "16222466"]
[EventCountry "GER"]
[EventRounds "7"]
[EventType "team-swiss"]
[EventDate "2019.12.26"]

1. e4 c5 2. Nf3 d6 3. d4 cxd4 4. Nxd4 Nf6 5. Nc3 g6 6. Be3 Bg7 7. f3 O-O 8. Qd2
Nc6 9. O-O-O Nxd4 10. Bxd4 Be6 11. Kb1 Qc7 12. g4 Rfc8 13. h4 Qa5 14. g5 Nh5
15. Nd5 Qxd2 16. Rxd2 Bxd5 17. exd5 Bxd4 18. Rxd4 Ng3 19. Rg1 Nf5 20. Re4 Rc5
21. c4 Rac8 22. a4 a6 23. Bd3 Kf8 24. Rge1 R5c7 25. b3 b6 26. Kb2 Rb8 27. Rg1
Re8 28. h5 e6 29. hxg6 hxg6 30. Rge1 Rce7 31. a5 exd5 32. cxd5 bxa5 33. Bxa6
Nd4 34. Rxe7 Rxe7 35. Rxe7 Kxe7 36. f4 f6 37. Kc3 Nf3 38. Be2 Ne1 39. Kd4 f5
40. Bf1 Nc2+ 41. Kd3 Nb4+ 42. Kc4 Kd7 43. Bg2 Kc7 44. Bf3 Kd7 45. Bd1 Kd8 46.
Bf3 Kd7 47. Bh1 Kc7 48. Bf3 1/2-1/2

[Event "DVM U16 2019"]
[Site "Magdeburg GER"]
[Date "2019.12.30"]
[Round "7"]
[White "Hungeling, David"]
[Black "Engert, Kiyan"]
[Result "0-1"]
[Termination "normal"]
[Board "6.2"]
[WhiteElo "1507"]
[BlackElo "1730"]
[WhiteTeam "Schachklub Münster 32 e. V."]
[BlackTeam "Biebertaler Schachfreunde"]
[PlyCount "110"]
[WhiteFideId "16222440"]
[BlackFideId "16214870"]
[EventCountry "GER"]
[EventRounds "7"]
[EventType "team-swiss"]
[EventDate "2019.12.26"]

1. e4 e5 2. Nf3 Nc6 3. Bb5 a6 4. Ba4 Nf6 5. O-O Be7 6. Re1 b5 7. Bb3 O-O 8. c3
d5 9. exd5 Nxd5 10. Nxe5 Nxe5 11. Rxe5 c6 12. Bxd5 cxd5 13. d4 Bd6 14. Re3 f5
15. Qf3 Kh8 16. Nd2 f4 17. Re1 Qc7 18. Nf1 Bd7 19. Bd2 Rf6 20. h3 Raf8 21. Nh2
Rg6 22. Kh1 Qc6 23. Rg1 Bc7 24. Rae1 Bf5 25. Qe2 Rh6 26. Qe7 Bd6 27. Qe2 Bxh3
28. gxh3 f3 29. Qe3 Rxh3 30. Rg3 Bxg3 31. fxg3 Qg6 32. Qf2 Rxg3 33. Rg1 Rg2 34.
Rxg2 fxg2+ 35. Qxg2 Qb1+ 36. Qg1 Qxb2 37. Qc1 Qxc1+ 38. Bxc1 Rf2 39. Kg1 Rxa2
40. Bf4 Rc2 41. Nf1 Rxc3 42. Kf2 b4 43. Nd2 b3 44. Nb1 Rd3 45. Be3 Rd1 46. Nc3
Ra1 47. Nxd5 b2 48. Nc3 b1=Q 49. Nxb1 Rxb1 50. Bd2 Rb2 51. Ke3 Rxd2 52. Kxd2
Kg8 53. d5 Kf7 54. Kd3 Ke7 55. Kd4 Kd6 0-1

[Event "DVM U16 2019"]
[Site "Magdeburg GER"]
[Date "2019.12.30"]
[Round "7"]
[White "Grunwald, Jonathan"]
[Black "John, Niklas"]
[Result "1-0"]
[Termination "normal"]
[Board "6.3"]
[WhiteElo "1815"]
[BlackElo "1389"]
[WhiteTeam "Biebertaler Schachfreunde"]
[BlackTeam "Schachklub Münster 32 e. V."]
[PlyCount "49"]
[WhiteFideId "12955744"]
[BlackFideId "16234626"]
[EventCountry "GER"]
[EventRounds "7"]
[EventType "team-swiss"]
[EventDate "2019.12.26"]

1. e4 c5 2. Nc3 Nc6 3. f4 g6 4. Nf3 Bg7 5. Bb5 d6 6. O-O Bd7 7. d3 e6 8. Bxc6
Bxc6 9. f5 Ne7 10. fxe6 fxe6 11. Ng5 Qd7 12. Qg4 O-O-O 13. Qxe6 Bd4+ 14. Kh1
Rdf8 15. Bd2 h6 16. Qxd7+ Bxd7 17. Nf7 Rhg8 18. Bxh6 Rxf7 19. Rxf7 Rh8 20. Raf1
Ng8 21. Bg7 Nh6 22. Rf8+ Kc7 23. Bxh8 Ng4 24. Bxd4 cxd4 25. Nd5+ 1-0

[Event "DVM U16 2019"]
[Site "Magdeburg GER"]
[Date "2019.12.30"]
[Round "7"]
[White "Bergeret Busse, Julian"]
[Black "Peschel, Julia"]
[Result "0-1"]
[Termination "normal"]
[Board "6.4"]
[WhiteElo "1401"]
[BlackElo "1384"]
[WhiteTeam "Schachklub Münster 32 e. V."]
[BlackTeam "Biebertaler Schachfreunde"]
[PlyCount "58"]
[WhiteFideId "16298446"]
[BlackFideId "16255593"]
[EventCountry "GER"]
[EventRounds "7"]
[EventType "team-swiss"]
[EventDate "2019.12.26"]

1. e4 e5 2. Nf3 Nc6 3. Bc4 Bc5 4. d3 Nf6 5. O-O a6 6. c3 Ba7 7. Nbd2 d6 8. Bb3
O-O 9. h3 h6 10. Re1 Re8 11. Nf1 Be6 12. Ng3 d5 13. exd5 Bxd5 14. Bc2 Qd7 15.
Be3 Bxe3 16. Rxe3 Rad8 17. Qe2 Qd6 18. Re1 Bxa2 19. Kf1 Nd5 20. Re4 Nf4 21. Qe3
Bd5 22. Ra4 Qf6 23. d4 Bxf3 24. Qxf3 exd4 25. Re4 Rxe4 26. Nxe4 Qe5 27. cxd4
Nxd4 28. Qd1 Nc6 29. Qc1 Qb5+ 0-1

[Event "DVM U16 2019"]
[Site "Magdeburg GER"]
[Date "2019.12.30"]
[Round "7"]
[White "Kosev, Momchil"]
[Black "Koll, Linus"]
[Result "1/2-1/2"]
[Termination "normal"]
[Board "7.1"]
[WhiteElo "1814"]
[BlackElo "1987"]
[WhiteTeam "Erfurter Schachklub"]
[BlackTeam "Karlsruher SF 1853"]
[PlyCount "41"]
[WhiteFideId "12975982"]
[BlackFideId "12990299"]
[EventCountry "GER"]
[EventRounds "7"]
[EventType "team-swiss"]
[EventDate "2019.12.26"]

1. d4 Nf6 2. g3 g6 3. Bg2 d5 4. Nf3 Bg7 5. O-O O-O 6. c4 c6 7. Ne5 dxc4 8. Nxc4
Be6 9. Ne5 Nbd7 10. Nc3 Nxe5 11. dxe5 Ng4 12. Qxd8 Raxd8 13. f4 f6 14. h3 Nh6
15. exf6 exf6 16. e4 Rd3 17. Kf2 b5 18. Be3 a5 19. Rfe1 Rc8 20. Bf1 Rd7 21. a3
1/2-1/2

[Event "DVM U16 2019"]
[Site "Magdeburg GER"]
[Date "2019.12.30"]
[Round "7"]
[White "Fidlin, Simon"]
[Black "Wagner, Margarethe"]
[Result "0-1"]
[Termination "normal"]
[Board "7.2"]
[WhiteElo "1907"]
[BlackElo "1805"]
[WhiteTeam "Karlsruher SF 1853"]
[BlackTeam "Erfurter Schachklub"]
[PlyCount "136"]
[WhiteFideId "16217535"]
[BlackFideId "16236947"]
[EventCountry "GER"]
[EventRounds "7"]
[EventType "team-swiss"]
[EventDate "2019.12.26"]

1. e4 c5 2. Nf3 d6 3. d4 cxd4 4. Nxd4 Nf6 5. Nc3 a6 6. Be3 e5 7. Nb3 Be6 8. f4
exf4 9. Bxf4 Nc6 10. Qe2 Ne5 11. h3 Be7 12. O-O-O Qc7 13. Kb1 O-O 14. Rc1 b5
15. g4 b4 16. Nd1 a5 17. c4 bxc3 18. Rxc3 Qb7 19. Bg2 Rfc8 20. Nd4 Bc4 21. Qe3
Rab8 22. g5 Nfd7 23. Bf1 Bxf1 24. Rxf1 Rxc3 25. Qxc3 Qxe4+ 26. Ka1 g6 27. Bc1
Nc5 28. Re1 Qd3 29. Bd2 Qxc3 30. Nxc3 Ncd3 31. Re2 Rxb2 32. Nb3 Kf8 33. Nxa5
Rb8 34. Nd5 Bd8 35. Nb3 Nf3 36. Nf6 Bxf6+ 37. gxf6 Nfe5 38. Re4 Ke8 39. Rd4 Kd7
40. Kb1 Ke6 41. Kc2 Rc8+ 42. Kd1 Nb2+ 43. Ke2 Nbc4 44. Bg5 Ra8 45. Nc1 d5 46.
Rd1 Ra3 47. h4 h5 48. Rf1 d4 49. Rf2 Nd6 50. Kd1 Ne4 51. Rh2 d3 52. Nb3 Nc3+
53. Kd2 Rxa2+ 54. Kxc3 Rxh2 55. Nd4+ Kd5 56. Bf4 d2 57. Nc2 d1=N+ 58. Kb3 Rh3+
59. Ka4 Rxh4 60. Nb4+ Kc5 61. Bxe5 Rxb4+ 62. Ka5 Rb5+ 63. Ka6 Kc6 64. Bg3 Nb2
65. Ka7 Nc4 66. Bf2 Nb6 67. Be3 Ra5+ 68. Kb8 Ra8# 0-1

[Event "DVM U16 2019"]
[Site "Magdeburg GER"]
[Date "2019.12.30"]
[Round "7"]
[White "Wagner, Victoria"]
[Black "Wang, Xinyuan"]
[Result "0-1"]
[Termination "normal"]
[Board "7.3"]
[WhiteElo "1797"]
[BlackElo "1676"]
[WhiteTeam "Erfurter Schachklub"]
[BlackTeam "Karlsruher SF 1853"]
[PlyCount "96"]
[WhiteFideId "16232348"]
[BlackFideId "16221494"]
[EventCountry "GER"]
[EventRounds "7"]
[EventType "team-swiss"]
[EventDate "2019.12.26"]

1. e4 c5 2. Nf3 e6 3. d4 cxd4 4. Nxd4 a6 5. Bd3 Bc5 6. Nb3 Be7 7. O-O d6 8. Qe2
Nd7 9. c4 Ngf6 10. f4 Qc7 11. Nd4 O-O 12. Nc3 Re8 13. Nf3 Nc5 14. Bb1 e5 15. f5
b5 16. Nd5 Qa7 17. Nxf6+ Bxf6 18. Be3 Qe7 19. g4 h6 20. Bc2 Bb7 21. Bf2 bxc4
22. Bxc5 dxc5 23. Qxc4 Bc6 24. Ba4 Bxa4 25. Qxa4 Reb8 26. Qc2 Rb5 27. b3 Bg5
28. Rfe1 Bf4 29. Rad1 Rb4 30. Kh1 Rc8 31. a3 Rb5 32. Qc4 Rcb8 33. Rd5 Qb7 34.
Rb1 a5 35. Rbd1 Qe7 36. Rd7 Qf8 37. R7d3 Kh8 38. Kg2 Qe8 39. h3 Kh7 40. Ra1 Ra8
41. Rad1 a4 42. Kh1 axb3 43. Rxb3 Rxb3 44. Qxb3 Qa4 45. Qd5 Qxa3 46. Rd3 Qc1+
47. Rd1 Qe3 48. Qd3 Ra3 0-1

[Event "DVM U16 2019"]
[Site "Magdeburg GER"]
[Date "2019.12.30"]
[Round "7"]
[White "Borodaev, Roman"]
[Black "Seinsoth, Paul"]
[Result "0-1"]
[Termination "normal"]
[Board "7.4"]
[WhiteElo "1705"]
[BlackElo "1629"]
[WhiteTeam "Karlsruher SF 1853"]
[BlackTeam "Erfurter Schachklub"]
[PlyCount "120"]
[WhiteFideId "16274881"]
[BlackFideId "12994634"]
[EventCountry "GER"]
[EventRounds "7"]
[EventType "team-swiss"]
[EventDate "2019.12.26"]

1. e4 c5 2. Nf3 d6 3. d4 cxd4 4. Nxd4 Nf6 5. Nc3 a6 6. Bc4 e6 7. Be3 Be7 8. Qe2
Qc7 9. Bb3 Nc6 10. O-O-O b5 11. g4 Nxd4 12. Rxd4 Bb7 13. g5 Nd7 14. h4 Nc5 15.
f3 Qa5 16. Kb1 O-O-O 17. Rhd1 b4 18. Na4 Nxa4 19. Bxa4 Qxa4 20. Rc4+ Kb8 21.
Qf2 Rc8 22. b3 Qb5 23. Rcd4 Rc6 24. Qe2 Rc3 25. a4 Qa5 26. Qf2 d5 27. R4d3 Bc5
28. Bd4 Bxd4 29. Qxd4 Rg8 30. exd5 Bxd5 31. Qf4+ Rc7 32. Rd4 Rgc8 33. Rxb4+ Ka8
34. Rd2 Rb8 35. Rdd4 Rxb4 36. Rxb4 Qc5 37. Qd2 Qc3 38. Qxc3 Rxc3 39. f4 Ka7 40.
Kb2 Rh3 41. c4 Bc6 42. c5 Rxh4 43. Rb6 Bd5 44. a5 Rxf4 45. c6 Bxc6 46. Rxc6 Rf5
47. b4 Rxg5 48. Rc7+ Kb8 49. Rxf7 h5 50. Kc3 h4 51. Kd4 Rh5 52. Rxg7 h3 53. Rg1
h2 54. Rh1 Kb7 55. Ke3 Kc6 56. Kf2 Kb5 57. Kg2 Kxb4 58. Rxh2 Rxh2+ 59. Kxh2
Kxa5 60. Kg3 Kb4 0-1